00961nam a2200217 a 450000100100000000500170001000800410002702000150006804000250008324501280010826000300023630000360026649000550030250400330035750400730039070000350046371000600049883000620055895201060062099900170072600004194920201002035840.0131016s2004 sp ac 000 0 spa d a8400082656 aDO-SdBNPbspacBNPHU00aEl yacimiento de La Alcudia (Elche, Alicante) :bpasado y presente de un enclave ibérico /ccoordinador Trinidad Tortosa. aBarcelona :bCSIC,c2004. a259 p. :bil., retrs. ;c29 cm.1 aAnejos de Archivo Español de Arqueología ;v30 aBibliografía : p. 245 -255 aIncluye referencias bibliográficas y notas al pie de las páginas1 aTortosa, Trinidad,eed.9688662 aConsejo Superior de Investigaciones Científicas94786 0aAnejos de Archivo Español de Arqueología ;v30968867 0010507-18MOaGRbGRcOId2013-10-24iLF1l0o p41949-10r2020-06-25w2020-06-25y1ZNo se presta c41438d41438